Statystyki dla Zwierzęta na wsi - zdjęcia

Kliknij tutaj aby rozwiązać quiz!

Ogólne statystyki

  • Ten quiz został rozwiązany 130 razy
  • Średni wynik to 12 z 12

Statystyki odpowiedzi

Odpowiedź% Poprawnych
koń
100%
kot
100%
królik
100%
krowa
100%
owca
100%
pies
100%
świnia
100%
gęś
99%
indyk
97%
koza
97%
kura
97%
kaczka
83%

Rozkład punktacji

Percentyl według liczby udzielonych odpowiedzi

Procent ludzi z każdym wynikiem

Twoja historia wyników

Nie rozwiązałeś tego quizu